Вольтамперометрическое определение гесперидина в биологически активных добавках и пищевых продуктах; Электрохимические методы анализа: теория и практика

Dades bibliogràfiques
Parent link:Электрохимические методы анализа: теория и практика.— 2010.— С. 62-63
Autor principal: Мартынюк О. А. Оксана Анатольевна
Idioma:rus
Publicat: 2010
Matèries:
Format: MixedMaterials Capítol de llibre
KOHA link:https://koha.lib.tpu.ru/cgi-bin/koha/opac-detail.pl?biblionumber=191397

MARC

LEADER 00000naa2a2200000 4500
001 191397
005 20231222085458.0
035 |a (RuTPU)RU\TPU\book\208698 
090 |a 191397 
100 |a 20110204d2010 k y0rusy50 ca 
101 0 |a rus 
102 |a RU 
200 1 |a Вольтамперометрическое определение гесперидина в биологически активных добавках и пищевых продуктах  |f О. А. Мартынюк 
463 0 |0 (RuTPU)RU\TPU\book\202404  |t Электрохимические методы анализа: теория и практика  |o научно-практическая конференция, Томск, 3-4 сентября 2010 г.  |f Национальный исследовательский Томский политехнический университет (ТПУ), Институт природных ресурсов, Кафедра физической и аналитической химии  |v С. 62-63  |d 2010  |p 94 с. 
610 1 |a гесперидин 
610 1 |a определение 
610 1 |a вольтамперометрия 
610 1 |a биологически активные добавки 
610 1 |a пищевые продукты 
610 1 |a труды учёных ТПУ 
700 1 |a Мартынюк  |b О. А.  |c химик  |c научный сотрудник Томского политехнического университета, кандидат химических наук  |f 1982-  |g Оксана Анатольевна  |3 (RuTPU)RU\TPU\pers\27253  |9 12699 
801 1 |a RU  |b 63413507  |c 20110204 
801 2 |a RU  |b 63413507  |c 20150608  |g RCR 
942 |c BK